Statistics for WWE Roster

Click here to take the quiz!

General Stats

  • This quiz has been taken 41 times
  • The average score is 115 of 206

Answer Stats

HintAnswer% Correct
Free AgentBig E
100%
SmackdownRoman Reigns
100%
RawDamian Priest
97%
RawFinn Balor
97%
SmackdownAJ Styles
93%
RawDominik Mysterio
93%
SmackdownJey Uso
93%
SmackdownJimmy Uso
93%
SmackdownRey Mysterio
93%
RawRhea Ripley
93%
RawSeth Rollins
93%
Free AgentLogan Paul
90%
SmackdownBayley
87%
SmackdownButch
87%
NXTCarmelo Hayes
87%
SmackdownCharlotte Flair
87%
Free AgentMustafa Ali
87%
RawOtis
87%
SmackdownSheamus
87%
SmackdownAustin Theory
83%
NXTBron Breakker
83%
RawChad Gable
83%
RawDrew McIntyre
83%
RawGunther
83%
SmackdownIyo Sky
83%
SmackdownAsuka
80%
Free AgentBaron Corbin
80%
RawBecky Lynch
80%
SmackdownBianca Belair
80%
SmackdownBobby Lashley
80%
Free AgentBrock Lesnar
80%
RawCody Rhodes
80%
RawKevin Owens
80%
SmackdownLA Knight
80%
RawSami Zayn
80%
SmackdownSolo Sikoa
80%
RawXavier Woods
80%
RawBraun Strowman
77%
SmackdownDakota Kai
77%
RawKofi Kingston
77%
RawLiv Morgan
77%
Free AgentRandy Orton
77%
RawThe Miz
77%
SmackdownZelina Vega
77%
RawAkira Tozawa
73%
SmackdownAngelo Dawkins
73%
RawBronson Reed
73%
RawChelsea Green
73%
NXTDragon Lee
73%
SmackdownGrayson Waller
73%
RawJohnny Gargano
73%
SmackdownKarl Anderson
73%
SmackdownKarrion Kross
73%
SmackdownLuke Gallows
73%
SmackdownMontez Ford
73%
Free AgentOmos
73%
RawRicochet
73%
SmackdownSantos Escobar
73%
RawShinsuke Nakamura
73%
NXTWes Lee
73%
RawXia Li
73%
Free AgentBrutus Creed
70%
RawNatalya
70%
RawShayna Baszler
70%
NXTTiffany Stratton
70%
RawTommaso Ciampa
70%
NXTTony D Angelo
70%
Free AgentAlexa Bliss
67%
NXTAndre Chase
67%
Free AgentDolph Ziggler
67%
SmackdownEdge
67%
RawIvar
67%
Free AgentJulius Creed
67%
RawNikki Cross
67%
SmackdownRidge Holland
67%
RawRonda Rousey
67%
Free AgentBray Wyatt
63%
Free AgentCedric Alexander
63%
RawErik
63%
RawGiovanni Vinci
63%
NXTIlja Dragunov
63%
SmackdownJoaquin Wilde
63%
RawLudwig Kaiser
63%
RawMatt Riddle
63%
RawMaxxine Dupri
63%
Free AgentR-Truth
63%
NXTTrick Williams
63%
NXTTyler Bate
63%
RawZoey Stark
63%
NXTAxiom
60%
Free AgentCarlito
60%
NXTCora Jade
60%
SmackdownCruz Del Toro
60%
SmackdownIsla Dawn
60%
NXTJoe Gacy
60%
NXTNoam Dar
60%
NXTRoxanne Perez
60%
RawSonya Deville
60%
SmackdownAlba Fyre
57%
Free AgentAngel Garza
57%
RawApollo Crews
57%
NXTAva
57%
SmackdownB-Fab
57%
RawCandice LeRae
57%
RawDexter Lumis
57%
Free AgentHumberto Carrillo
57%
RawIndi Hartwell
57%
NXTIvy Nile
57%
SmackdownMichin Mia Yim
57%
RawOdyssey Jones
57%
RawPiper Niven
57%
RawRaquel Rodriguez
57%
RawTegan Nox
57%
NXTThea Hail
57%
NXTChanning Stacks Lorenzo
53%
NXTCharlie Dempsey
53%
NXTDijak
53%
NXTDrew Gulak
53%
SmackdownElton Prince
53%
NXTGigi Dolin
53%
RawJD McDonagh
53%
NXTNathan Frazer
53%
Free AgentShelton Benjamin
53%
NXTBlair Davenport
50%
Free AgentCarmella
50%
NXTDuke Hudson
50%
NXTElektra Lopez
50%
NXTFallon Henley
50%
RawJinder Mahal
50%
NXTJoe Coffey
50%
NXTJosh Briggs
50%
RawKatana Chance
50%
RawKayden Carter
50%
SmackdownKit Wilson
50%
NXTLash Legend
50%
NXTMark Coffey
50%
SmackdownShotzi
50%
RawValhalla
50%
NXTWolfgang
50%
SmackdownAshante Thee Adonis
47%
NXTDante Chen
47%
NXTJacy Jayne
47%
NXTKelani Jordan
47%
NXTLyra Valkyria
47%
RawTrish Stratus
47%
Free AgentAliyah
43%
SmackdownCameron Grimes
43%
Free AgentDana Brooke
43%
Free AgentElias
43%
Free AgentRobert Roode
43%
Free AgentVon Wagner
43%
NXTBrooks Jensen
40%
RawEmma
40%
NXTKiana James
40%
RawMansoor
40%
NXTOba Femi
40%
NXTOro Mensah
40%
RawRick Boogs
40%
RawRiddick Moss
40%
NXTSol Ruca
40%
SmackdownTamina
40%
NXTLola Vice
37%
SmackdownTop Dolla
37%
Free AgentXyon Quinn
37%
NXTEdris Enofe
33%
NXTGable Steveson
33%
NXTJakara Jackson
33%
RawMace
33%
NXTMalik Blade
33%
NXTScrypts
33%
NXTTatum Paxley
33%
NXTArianna Grace
30%
NXTBoa
30%
NXTDamon Kemp
30%
NXTEddy Thorpe
30%
NXTNikkita Lyons
30%
Free AgentUncle Howdy
30%
RawVeer Mahaan
30%
SmackdownLacey Evans
27%
NXTBronco Nima
23%
NXTDabba-Kato
23%
NXTDani Palmer
23%
NXTKarmen Petrovic
23%
NXTLucien Price
23%
Free AgentShanky
23%
NXTHank Walker
20%
NXTMyles Borne
20%
RawSanga
20%
NXTWendy Choo
20%
NXTAmari Miller
17%
NXTIkemen Jiro
17%
NXTJavier Bernal
17%
NXTRip Fowler
17%
NXTStevie Turner
17%
NXTTank Ledger
17%
NXTValentina Feroz
17%
NXTYulisa Leon
17%
NXTBryson Montana
13%
NXTIzzi Dame
13%
NXTJagger Reid
13%
NXTLuca Crusifino
13%
NXTMeiko Satomura
13%
NXTQuincy Elliott
13%
NXTBrooklyn Barlow
7%
NXTKale Dixon
7%
NXTTavion Heights
7%

Score Distribution

Percentile by Number Answered

Percent of People with Each Score

Your Score History

You have not taken this quiz